Merénylettel fenyegetett egy fogyatékos férfi a főtérre néző ablakok mindenütt zárva maradtak, ...

Bibliographic Details
Main Author: (rudas, t, s) (Author)
Format: Article
Language:Hungarian
Slovak
PhysicalDescription:Fotogr.
Subjects:

MARC

LEADER 00000nab a2200000 a 4500
001 vtls000850246
003 SK-MaSNL
005 20260318121844.0
008 040806c2003 xo 0 hun
015 |a SNBRB2003/10-30296 
035 |a CLN000201901 
040 |a SNKBUCL  |b slo  |c SNKBUCL  |e AACR2 
041 0 |a slo 
044 |a xo  |c SK 
080 |a 2-051  |2 UDC-MRF-SK2 
080 |a 262.13:266  |2 UDC-MRF-SK2 
080 |a 282  |2 UDC-MRF-SK2 
080 |a 322(437.6:456.31)  |2 UDC-MRF-SK2 
100 0 |a (rudas, t, s)  |4 aut  |9 1557302 
245 1 0 |a Merénylettel fenyegetett egy fogyatékos férfi  |b a főtérre néző ablakok mindenütt zárva maradtak, ...  |c [szerzők] (rudas, t, s) 
300 |b Fotogr. 
600 0 7 |a Ján Pavol  |b II.,  |c pápež,  |d 1920-2005  |2 snkbucl  |9 106999 
610 2 7 |a Katolícka cirkev.  |b Pápež (1978-2005 : Ján Pavol II.)  |2 snkbucl  |9 114944 
650 0 7 |a pastoračné cesty  |z Slovensko  |y 2003  |2 snkbucl  |9 350502 
651 7 |a Banská Bystrica (Slovensko)  |2 snkbucl  |9 22015 
655 7 |a články z novín a časopisov  |2 snkbucl  |9 267496 
773 0 |t Új szó  |g Roč. 56, č. 211 (13.9.2003), s. 1 
850 |a Slovenská národná knižnica v Martine 
852 |a SNK  |b KIS3GCP 
999 |c 3167374  |d 3169304